Orbital Launch Sites - Statistics

General Stats
  • This quiz has been taken 6 times
  • The average score is 5 of 31
Answer Stats
Rockets Country Years Active Launches Answer % Correct
R-7/Soyuz, Kosmos, Proton, Tsyklon, Zenit, Energia, Dnepr, N1, Rokot, Strela (Soviet) Kazakhstan 1957-present >1,000 Baikonur
75%
Saturn, Space Shuttle, Falcon 9, Falcon Heavy, SLS USA 1967-present 187 Kennedy
75%
Delta, Scout, Atlas, Titan, Taurus, Athena, Minotaur, Falcon 9, Thor, Firefly Alpha USA 1959-present >700 Vandenberg
75%
Delta, Scout, Atlas, Titan, Saturn, Athena, Falcon 9, Minotaur IV, Vanguard, Juno, Thor USA 1958-present >400 Cape Canaveral
50%
Diamant, Ariane, Soyuz-2, Vega French Guiana 1970-present 318 Guiana
25%
Minotaur I, Antares, Minotaur V USA 2006-present 12 Mid-Atlantic Regional Spaceport
25%
Athena, Minotaur IV USA 2001-present 3 Pacific Spaceport Complex
25%
Electron New Zealand 2018-present 21 Rocket Lab Launch Complex 1
25%
SLV, ASLV, PSLV GSLV, LVM-3, SSLV India 1979-present 93 Satish Dhawan
25%
Scout USA 1961-1985 19 Wallops
25%
Long March China 2016-present 23 Wenchang
25%
Long March China 1984-present 183 Xichang
25%
Scout Kenya (used by Italy) 1967-1988 9 Broglio
0%
Diamant A (French) Algieria 1965-1967 4 Centre Interarmées d'Essais d'Engins Spéciaux
0%
Long March 11, Jielong 3, CERES-1 China 2019-present 6 Dongfang
0%
Long March China 1970-present 121 Jiuquan
0%
Kosmos (Soviet) Russia 1962-2008 85 Kasputin Yar
0%
Naro-1, Nuri South Korea 2013-present 2 Naro
0%
Falcon 1 USA (Marshall Islands) 2008-2009 5 Omelek
0%
Shavit Israel 1988-present 8 Palmachim
0%
R-7/Soyuz, Kosmos, Tsyklon-3, Rokot, Angara, Start (Soviet) Russia 1966-present >1,500 Plesetsk
0%
Safir, Simorgh, Zuljanah Iran 2009-present 26 Semnan
0%
Qased, Qaem Iran 2020-present 7 Shahroud
0%
Unha-3 North Korea 2012-present 2 Sohae
0%
Start-1 Russia 1997-2006 5 Svobodny
0%
Long March China 1988-present 62 Taiyuan
0%
N-I, N-II, H-I, H-II, H-IIA Japan 1975-present 65 Tanegashima
0%
Mu, Epsilon, SS-520-5 Japan 1970-present 31 Uchinoura
0%
Soyuz-2 Russia 2016-present 8 Vostochny
0%
Black Arrow Australia (used by UK) 1967-1971 2 Woomera
0%
Dnepr Russia 2006-present 10 Yasny
0%
No matching quizzes found
Score Distribution
Percent of People with Each Score
Percentile by Number Answered
Your Score History
You have not taken this quiz